|
|
|
|
| LEADER |
00000caa a22000002c 4500 |
| 001 |
163158216X |
| 003 |
DE-627 |
| 005 |
20220607130152.0 |
| 007 |
tu |
| 008 |
130405s1986 xx ||||| 00| ||ger c |
| 035 |
|
|
|a (DE-627)163158216X
|
| 035 |
|
|
|a (DE-576)380821656
|
| 035 |
|
|
|a (DE-599)BSZ380821656
|
| 040 |
|
|
|a DE-627
|b ger
|c DE-627
|e rakwb
|
| 041 |
|
|
|a ger
|
| 100 |
1 |
|
|a Selling, Peter
|4 aut
|
| 245 |
1 |
0 |
|a Datenschutz - Forschungsbehinderung oder was?
|b ein Praxisbericht aus der empirischen Strafvollzugsforschung
|c Peter Selling
|
| 264 |
|
1 |
|c 1986
|
| 336 |
|
|
|a Text
|b txt
|2 rdacontent
|
| 337 |
|
|
|a ohne Hilfsmittel zu benutzen
|b n
|2 rdamedia
|
| 338 |
|
|
|a Band
|b nc
|2 rdacarrier
|
| 773 |
0 |
8 |
|i In
|t Vorgänge
|d Berlin : Humanistische Union, 1962
|g (1986), 5, Seite 26-34
|w (DE-627)129094994
|w (DE-600)7371-4
|w (DE-576)014431084
|x 0507-4150
|7 nnas
|
| 773 |
1 |
8 |
|g year:1986
|g number:5
|g pages:26-34
|
| 951 |
|
|
|a AR
|
| ELC |
|
|
|b 1
|
| LOK |
|
|
|0 000 xxxxxcx a22 zn 4500
|
| LOK |
|
|
|0 001 3282560672
|
| LOK |
|
|
|0 003 DE-627
|
| LOK |
|
|
|0 004 163158216X
|
| LOK |
|
|
|0 005 20260211085737
|
| LOK |
|
|
|0 008 130405||||||||||||||||ger|||||||
|
| LOK |
|
|
|0 040
|a DE-21-110
|c DE-627
|d DE-21-110
|
| LOK |
|
|
|0 689
|a s
|a Strafvollzugsforschung
|
| LOK |
|
|
|0 689
|a s
|a Datenschutz
|
| LOK |
|
|
|0 689
|a s
|a Forschungsbehinderung
|
| LOK |
|
|
|0 689
|a s
|a Implementationsforschung
|
| LOK |
|
|
|0 852
|z Kein Bestand am IfK; Nachweis für KrimDok
|
| LOK |
|
|
|0 852
|a DE-21-110
|
| LOK |
|
|
|0 852 1
|m v
|9 00
|
| LOK |
|
|
|0 935
|a k110
|
| LOK |
|
|
|0 938
|k v
|
| LOK |
|
|
|0 939
|a 05-04-13
|b l01
|
| ORI |
|
|
|a WA-MARC-krimdoka001.raw
|